| Поле | Инд. | ПП | Название | Значение |
|---|---|---|---|---|
| Тип записи | a | |||
| Библиографический уровень | b | |||
| 001 | Контрольный номер | RU/IS/BASE/128698521 | ||
| 005 | Дата корректировки | 20200528185502.8 | ||
| 084 | a | Индекс другой классификации/Индекс ББК | 60.023в; 87.251.1; 20.1в* | |
| 100 | 1_ | a | Автор | Кузнецов О. Л. |
| q | Полное имя | Кузнецов Олег Леонидович | ||
| 100 | 1_ | a | Автор | Большаков Б. Е. |
| q | Полное имя | Большаков Борис Евгеньевич | ||
| 245 | a | Заглавие | Определение предмета и метода проектирования устойчивого развития в системе природа - общество - человек | |
| 500 | a | Примечание | Список авторов и работ, которые могут послужить теоретической и методологической базой предмета проектирования устойчивого развития в системе природа - общество - человек | |
| 504 | a | Библиография | Библиогр. ссылки. - Примеч. | |
| 650 | a | Основная рубрика | методология науки | |
| a | Основная рубрика | социальная философия | ||
| a | Основная рубрика | философия | ||
| a | Основная рубрика | философия науки | ||
| a | Основная рубрика | экология | ||
| 653 | a | Ключевые слова | гуманитарные науки | |
| a | Ключевые слова | естественные науки | ||
| a | Ключевые слова | жизнедеятельность общества | ||
| a | Ключевые слова | закон сохранения мощности | ||
| a | Ключевые слова | логика конструирования | ||
| a | Ключевые слова | логика мышления | ||
| a | Ключевые слова | междисциплинарная связь | ||
| a | Ключевые слова | методология исследования | ||
| a | Ключевые слова | методология тензорного анализа | ||
| a | Ключевые слова | общественное развитие | ||
| a | Ключевые слова | общество | ||
| a | Ключевые слова | принцип инвариантности | ||
| a | Ключевые слова | принцип наблюдаемости | ||
| a | Ключевые слова | природа | ||
| a | Ключевые слова | проектирование | ||
| a | Ключевые слова | синтез наук | ||
| a | Ключевые слова | система "природа-общество-человек" | ||
| a | Ключевые слова | создание систем | ||
| a | Ключевые слова | социоприродная система | ||
| a | Ключевые слова | социоприродное развитие | ||
| a | Ключевые слова | устойчивое развитие | ||
| a | Ключевые слова | человек | ||
| 773 | t | Заглавие источника | Устойчивое развитие. Наука и практика | |
| d | Дата издания источника | 2002 | ||
| g | Прочая информация | № 1. - С. 39 - 48 : схем. | ||
| w | Контрольный № источника | RU/IS/BASE/109089911 | ||
| 901 | t | Тип документа | b |